01506nam a2200241Ia 4500001000600000003000900006008004100015040001300056040001300069041001300082100001900095100002900114245007700143245007700220250001100297260001100308260001100319260004900330300005700379500076400436650003301200650003101233H8356IT-RoPAU130308s9999 xx 000 0 und d aIT-RoPAU cIT-RoPAU aITALIANO aRocco Giovanni gCodice Aut. SPICS: 59343 aPellegrini. L'architetto di San Carlo e le sue opere nel Duomo di Milano bPellegrini. L'Architetto di San Carlo e le Sue Opere nel Duomo di Milano a1a ed. aMILANO bHoepli c1939 [1° Ed.:1939 - Ed.Ling.Originale:1939] a"230 p. (prefazione: no ; testo: 230 [pagine: 0-0])" aCopia Numerata con N. 178 di 250 Copie. Memoriale di Martino bassi contro Pellegrino. Bassorilevo dell'annunciazione Il Battistero I Dispareri Inmateria D'Architettura e Prospettiva. Interpellanza della fabbrica e Risposte del Pellegrino Alle 27 Domande. Presbiterio Prima di Pellegrino Progetti ed Opere di Galeazzo Alessi. Cripta (Scurolo). Recinto Marmoreo. Stallidel Coro. Pulpiti. Altar maggiore Ciborio e Tabernacolo. Altari Minori. Pavimenti. cartoni per Vetrate. Opere minori (Pergula Sacrario Sagrestia meridionale Armadi). progetto per Facciata del Duomo e Sue Vicende. Sepolcro monumento a Ricordo. Appendice: lettere e passi di S. Carlo, Pellegrinoe Altri, Inerenti Soggiorno dell'artista a Milano e Alle Opere del Duomo. Bibliografia. aAUTORI/OPERE DI ARCHITETTURA eCodice materia Spics: 5307